00903naa#a2200181#i#4500001001600000005001700016011001400033100004100047102000700088200021800095210005800313215001000371608004500381675018200426700005000608700005200658856001100710RU\\bibl\12663420260703212559.5##a2587-6740##a20260615b2026####ek#y0rusy0150####ca##aRU1#aТрансформация сельскохозяйственного сектора Краснодарского края в новых экономических реалияхeЖурнальная статья1#aМоскваcЭлектронная наукаd2026##a6 с.##aЖурнальная статья2local##aЭкономическое положение. Конъюнктура. Развитие хозяйственной структуры. Экономический рост. 338.1#1aБугаковgИлья Алексеевич#1aПоляковgМихаил Борисович4#aqje.su